000 00330nam a2200145Ia 4500
008 090124s9999 xx 000 0 und d
082 _b134366
245 _a झेन
250 _a1
260 _bपांडे सुरुचि
_c2006
300 _a180
630 _a झेन
730 _a झेन
942 _cBOOK
999 _c197404
_d197404